000 00490nam a2200181Ia 4500
001 15936
005 20260306170232.0
008 260306t2010||||xx |||||||||||||| ||und||
041 _aESP
082 _a620.82
_bR62
100 _aRincón Becerra, Ovidio
_eAUT
245 0 _aErgonomía y procesos de diseño:
_bconsideraciones metodológicas para el desarrollo de sistemas y productos
260 _c2010
300 _a
_c
650 _aGEN
654 _aCII
942 _cLIB
_dJUS
_fJUS
_2ddc
_n
999 _c15936
_d15936